000 00472nam a2200169 a 4500
001 0000-9126
003 ELIB.Books
008 110520 1955
035 _a(ELIB.Books)0000-9278
082 _a268.432
_bSod
100 _aSoderholm, Marjorie E.
245 _aUnderstanding the pupil(Part-1)
260 _bGrand Rapids: Baker Book House Company
_c1955
650 _aChristian Education - Children
942 _2ddc
_cBK
998 _cbat
_e2011-05-20
999 _c9126
_d9126